000 00893nam a2200241 a 4500
001 49394
003 BD-RjUL
005 20211209054656.0
008 160820s1988 bg ||||| |||| 00| 0 ben d
020 _c: TK 25.00
035 _a(BD-RjUL)49513
040 _aBD-RjUL
_bben
_cBD-RjUL
041 _aben
082 _223
_a370.15
_bHUS 1988
100 1 _aহুদা, মুসুলিম
_9123014
245 1 0 _aশিক্ষা মনোবিজ্ঞান = Educational Psychology /
_cমুসলিম হুদা
250 _a৩য় পরিঃ সং.
260 _aঢাকা :
_bমল্লিক ব্রাদার্স,
_c১৯৮৮
300 _a৪২২ পৃ. :
_bচিত্র ;
_c২১ সেমি
650 _aশিক্ষা মনোবিজ্ঞান
_9118077
650 _aEducational Psychology
_9118078
942 _2ddc
_cBK
999 _c49394
_d49394